Notas sobre la evolución de la distribución de las remuneraciones en la Argentina (Registro nro. 34713)
[ vista simple ]
| 000 -LEADER | |
|---|---|
| fixed length control field | 00367 a2200109 4500 |
| 001 - CONTROL NUMBER | |
| control field | ART_44972 |
| 005 - DATE AND TIME OF LATEST TRANSACTION | |
| control field | 20260410162039.0 |
| 008 - FIXED-LENGTH DATA ELEMENTS--GENERAL INFORMATION | |
| fixed length control field | 260409a |
| 100 1# - MAIN ENTRY--PERSONAL NAME | |
| Personal name | Beccaria, Luis A. |
| 245 10 - TITLE STATEMENT | |
| Title | Notas sobre la evolución de la distribución de las remuneraciones en la Argentina |
| 773 0# - HOST ITEM ENTRY | |
| Title | Estudios del trabajo |
| Related parts | - N° 32 (jul./dic. 2006) |
| Record control number | REV44896 |
No hay ítems disponibles.